Božia prozreteľnosť a zlo

Bibliographic Details
Main Author: Dancák, František, 1939-2018 (Author)
Format: Article
Language:Slovak
ISSN:1335-5570
Subjects:

MARC

LEADER 00000nab a2200000 a 4500
001 vtls008871676
003 SK-MaSNL
005 20260304135951.0
008 250505c2001 xo qr|p|||||||000 b|slo
015 |a SNBRB2006/10 
035 |a (uuid)fb777879-c644-4ff3-a52f-dbc2fbab4d83 
035 |a urn:nbn:sk:snk-ab9qi5 
035 |a (urnnbn)urn:nbn:sk:snk:ar-a08oxz 
038 |a SNKBUCL 
040 |a SNKBUCL  |b slo  |c SNKBUCL  |e AACR2 
041 0 |a slo  |b eng 
044 |a xo  |c SK 
080 |a 216  |2 1997 
080 |a 231.52  |2 1997 
100 1 |a Dancák, František,  |d 1939-2018  |4 aut  |9 99141 
245 1 0 |a Božia prozreteľnosť a zlo  |c František Dancák 
504 |a Bibliogr. odkazy 
546 |a Res. angl. 
650 0 7 |a Boh  |2 snkbucl  |9 2070 
650 0 7 |a zlo  |2 snkbucl  |9 21741 
650 0 7 |a Božia prozreteľnosť  |2 snkbucl  |9 87583 
773 0 |t Theologos  |g Roč. III, č. 2 (2001), s. 78-84  |x 1335-5570 
850 |a Slovenská národná knižnica 
852 |a Slovenská národná knižnica 
954 |a odborná, vedecká literatúra pôvodná (slovenská)  |2 lita 
958 |a article13 
958 |a OND 
958 |a SK 
958 |a NB 
958 |a EUIPO 
999 |c 2912949  |d 2914879